00595cam a22002174a 45000010009000000050017000090080041000260100017000670200038000840350020001220400023001420410013001650420008001780600024001860800015002100820019002251000006002441010008002502450055002585040064003131532631020171226041439.0080610s2009 moua bp 001 0 eng  a 2008025742 a9781416056270 (pbk. : alk. paper) a(DNLM)101476188 aDNLM/DLCcDLCdDLC1 aengaspa apcc10aW 18.2bL5805b 2009 a610.14 LEO00a610.14 LEO2221 a3 aSHM10aBuilding a medical vocabulary :cPeggy C. Leonard. aIncludes bibliographical references (p. 655-658) and index.